000 00640nam a22001937a 4500
005 20170814165704.0
010 _aENG-119803
020 _c595.00
_a9788171921409
035 _aEN-103335
037 _bDBAD/PUB
082 _a331.40942
100 _aGajbhiya,Charuta
245 _aWomen and hospitality industry:
_cby Charuta Gajbhiya,
_bstudy on human resource practices /
260 _aNagpur
_bDattsons
_c2017
270 _aJawaharlal Nehru Marg, Sadar,
_bNagpur
_e440001
300 _axiv,113p. :
_b22cm(Hb)
_cill.
500 _aIncludes bibliographical references and index
942 _2ddc
_cEN
_mGAJ
_h331.40942
999 _c143370
_d143370